[Event "Dos Hermanas"]
[Site "Dos Hermanas"]
[Date "1994.??.??"]
[Round "2"]
[White "Epishin, Vladimir"]
[Black "Lautier, Joel"]
[Result "1-0"]
[WhiteElo "2675"]
[BlackElo "2625"]
[Annotator "Hansen,Cu"]
[PlyCount "91"]
[EventDate "1994.04.??"]
[EventType "tourn"]
[EventRounds "9"]
[EventCountry "ESP"]
[EventCategory "16"]
[SourceTitle "CBM 041"]
[Source "ChessBase"]
[SourceDate "1994.08.01"]
[SourceVersion "1"]
[SourceVersionDate "1994.08.01"]
[SourceQuality "1"]

1. d4 d5 2. c4 c6 3. Nc3 dxc4 4. e3 (4. e4 e5 (4... b5 5. a4 b4 (5... a6 6.
axb5 cxb5 7. Nxb5 axb5 8. Rxa8 Bb7 9. Ra1 Bxe4 $13 {Amman,P-Costa,J/SWZ-ch/
1993/}) 6. Na2 (6. Nb1 Nf6 7. e5 Nd5 8. Bxc4 e6 9. Nf3 Be7 10. O-O a5 11. Re1
Ba6 $13 {Wintzer,J-Hennig,D/2.BLW/1991/}) 6... e5 7. Nf3 Be6 8. Nxe5 Nf6 9.
Bxc4 Bxc4 10. Nxc4 Nxe4 11. Qe2 Qe7 12. O-O b3 13. Re1 $16 {Addison,
W-Benedictsson,B/Reykjavik/1968/}) 5. Nf3 (5. Bxc4 exd4 6. Nf3 b5 $2 7. Nxb5
$16 {Alekhine,A-Euwe,M/NLD WCH/1937/}) (5. dxe5 Qxd1+ 6. Kxd1 b5 7. Be3 Nd7 8.
f4 $13 {Karpov,A-Salov,V/Wijk/1993/}) 5... exd4 (5... b5 6. a4 b4 7. Nb1 exd4
8. Bxc4 Ba6 9. Qd3 Bxc4 10. Qxc4 Nf6 11. Bg5 Be7 12. Bxf6 Bxf6 13. e5 Be7 14.
Nxd4 O-O 15. Nd2 $14 {Farago,I-Ljubisavljevic/Aosta/1989/}) 6. Qxd4 Qxd4 7.
Nxd4 b5 (7... Bc5 8. Be3 Nf6 9. f3 Nbd7 10. Bxc4 O-O (10... Ne5 11. Be2 Bd7 12.
h3 O-O 13. f4 $16 {Tal,M-Zeid/Riga/1951/}) (10... Nb6 11. Bb3 Bxd4 12. Bxd4 $16
{Wallinger,M-Witke,T/2BLS/1987/}) 11. Kf2 Nb6 12. Bb3 Re8 13. Rhd1 $14 {
Portisch,L-Saidy,A/San Antonio/1972/}) 8. a4 b4 9. Nd1 (9. Nb1 Ba6 10. Be3 Nf6
11. f3 Nfd7 12. Nd2 Ne5 13. Rc1 c3 14. bxc3 Bxf1 15. Kxf1 a5 16. Ke2 bxc3 17.
Rxc3 $14 {Jelen,I-Ljubisavljevic,Z/Pula YU-cup/1991/}) 9... Ba6 (9... Nf6 10.
f3 Ba6 (10... Bc5 11. Be3 Ba6 (11... O-O 12. Nxc6 Bxe3 13. Ne7+ Kh8 14. Nxe3
$16 {Lingnau,C-Busse,K/Dortmund op/1992/}) (11... c3 12. bxc3 a5 13. Nxc6 Bxe3
14. Nxb8 Rxb8 15. Nxe3 bxc3 16. Bb5+ Bd7 17. Kf2 $14 {Seirawan,Y-Hubner,R/Biel
izt/1993/}) 12. Rc1 (12. Nf5 Bf8 13. Rc1 Nbd7 14. Bxc4 Bxc4 15. Rxc4 Nb6 16.
Rc1 Nxa4 17. Ra1 g6 18. Rxa4 gxf5 19. exf5 $13 {Gligoric,S-Martin/Hollywood/
1952/}) 12... Nfd7 13. f4 O-O 14. Bxc4 Re8 15. Nf2 Bxd4 16. Bxd4 Bxc4 17. Rxc4
c5 18. Be3 Nb6 19. Rxc5 Nxa4 20. Rc2 Nd7 $14 {Keres,P-Euwe,M/NLD m/1939/}) 11.
Be3 Nfd7 12. Rc1 c5 13. Nb5 Bxb5 14. axb5 Nb6 15. Bf4 N8d7 16. Bxc4 Nxc4 17.
Rxc4 O-O-O 18. Ne3 Kb7 $14 {Kortschnoj,V-Prokhorovich,T/Sverdlovsk/1957/}) 10.
Bf4 (10. Ne3 Bc5 11. Ndc2 Nf6 12. f3 b3 13. Na3 c3 14. Nac4 c2 $17 {Andruet,
Gil-Kirov,N/Sofia tt/1990/}) 10... Nf6 11. f3 (11. Rc1 Nxe4 12. Bxc4 Bxc4 13.
Rxc4 Nd6 14. Rc2 Kd7 15. O-O Be7 16. Ne3 Rd8 17. Re1 $44 {Smejkal,J-Chandler,M/
BL/1988/}) 11... Bc5 12. Nf5 O-O 13. Rc1 c3 14. bxc3 g6 15. Nfe3 (15. Ng3 Nfd7
$132 {Kasparov,G-Hübner,R/Belfort WCup/1988/}) 15... bxc3 (15... Re8 16. cxb4
Bxb4+ 17. Kf2 Bxf1 18. Rxf1 Nfd7 19. Nc4 $14 {Bewersdorff,O-Herman,Man/2.BLW/
1991/}) 16. Be5 Nfd7 17. Bxc3 $14 {Geschnitzer,O-Herman,Man/BL/1989/}) (4. a4
e5 (4... Na6 5. e3 Be6 6. Nf3 Nb4 7. Ne5 Nf6 8. Bxc4 Bxc4 9. Nxc4 e6 10. O-O
$14 {Colin,B-Grob,H/Bern/1932/}) (4... Nf6 5. e4 e5 6. dxe5 Qxd1+ 7. Nxd1 Nxe4
8. Bxc4 Be6 $10 {Ward,C-Cuijpers,F/Bern op/1993/}) 5. dxe5 (5. e3 Be6 6. Nf3
Nd7 7. Be2 Bb4 8. O-O exd4 9. Nxd4 Qe7 10. Nxe6 Qxe6 11. Qd4 $16 {Kestler,
H-Hess,R/BL/1980/}) 5... Qxd1+ 6. Kxd1 Na6 (6... Be6 7. Nf3 Nd7 8. Ng5 Nxe5 9.
Nxe6 fxe6 10. Kc2 Nf6 11. f4 Neg4 12. e4 Nf2 13. Rg1 N6xe4 14. Nxe4 Nxe4 15.
Bxc4 Bb4 16. Bxe6 Nc5 $10 {Rodriguez,O-Costa,J/Manila ol/1992/}) 7. e3 (7. e4
Bg4+ 8. f3 O-O-O+ 9. Ke1 Nb4 10. Kf2 Be6 11. f4 Bc5+ 12. Kg3 g6 $13 {Trujillo,
I-Lezcano,P/Isla de Fuerteventura/1992/}) 7... Be6 8. Nf3 O-O-O+ 9. Bd2 Nh6 $13
{Fine,R-Euwe,M/Zandvoort/1936/}) 4... b5 5. a4 b4 6. Nb1 (6. Na2 e6 7. Bxc4 Nf6
8. Bd2 (8. Nf3 {D15}) 8... a5 9. Nf3 Nbd7 10. Nc1 Be7 11. Nb3 O-O 12. Qe2 c5
13. O-O Bb7 $10 {Douven,R-Greenfeld,A/Groningen/1988/}) 6... Ba6 7. Qc2 Nf6 8.
Bxc4 Bxc4 9. Qxc4 Qd5 (9... e6) 10. Qxd5 (10. Qxb4 $5 Na6 (10... Qxg2 $2 11.
Qb7 $18 {Hansen,C}) 11. Qb7 Rb8 12. Qxa6 Qxg2 13. Nd2 Qxh1 14. Ndf3 $44 {
Bulletin}) 10... cxd5 11. Nd2 e6 12. Nb3 $10 {>< c5, >< Bc1} Nbd7 13. Ne2 $6 (
13. a5 $1) 13... a5 14. Bd2 Nb6 $15 15. Nf4 Nc4 16. Nd3 Bd6 17. Ke2 Ke7 18.
Rhc1 h5 {()} 19. h3 g5 20. Be1 g4 (20... Nd7 $5 {>< c5}) 21. Nbc5 {/\b3} Bxc5
22. dxc5 b3 $6 (22... Nd7 $5 $13) 23. Rc3 Rab8 24. Rac1 $1 Rhc8 25. hxg4 hxg4
26. Rxc4 dxc4 27. Rxc4 {>< Pa5, קg4, /^ e1-a5} Nd5 $6 (27... Ra8 $16) 28. Rxg4
Nb4 29. Nxb4 axb4 30. Bxb4 $18 e5 31. Kd3 {/\Kc4} Rg8 32. Rxg8 Rxg8 33. g3 Ra8
34. Kc4 (34. a5 $5) 34... Rxa4 35. Kxb3 Ra1 36. Kc4 Kd7 37. Bc3 e4 {קf2} 38.
Kd5 (38. b4 Rf1 39. b5 Rxf2 40. c6+ Kd6 41. Bb4+ Kc7 $13) 38... Rf1 39. b4 Rxf2
40. c6+ Kc7 41. Be5+ Kb6 42. Bd4+ Kc7 43. b5 Rf5+ 44. Be5+ Kb6 45. Kd6 Rf1 46.
Bd4+ 1-0

[Event "Reykjavik zt"]
[Site "Reykjavik"]
[Date "1995.??.??"]
[Round "7"]
[White "Hansen, Lars Bo"]
[Black "Sammalvuo, Tapani"]
[Result "1-0"]
[WhiteElo "2565"]
[BlackElo "2390"]
[Annotator "Hansen,LB"]
[PlyCount "51"]
[EventDate "1995.03.??"]
[EventType "swiss"]
[EventRounds "11"]
[EventCountry "ISL"]
[SourceTitle "CBM 047"]
[Source "ChessBase"]
[SourceDate "1995.08.01"]
[SourceVersion "1"]
[SourceVersionDate "1995.08.01"]
[SourceQuality "1"]

1. d4 {Huebner} d5 2. c4 c6 3. Nc3 Nf6 4. e3 a6 5. Qc2 $5 b5 (5... g6 6. Nf3
Bg7 7. Bd2 O-O 8. Rc1 Nbd7 9. cxd5 cxd5 10. a4 Re8 11. Be2 e5 12. dxe5 Nxe5 13.
Nd4 $13 {Hansen,LB-Jelling,E/Denmark/1995/}) 6. b3 Bg4 7. Nge2 e6 $6 {X Bg4} (
7... Bh5 8. Nf4 Bg6 9. Nxg6 hxg6 10. g3 Nbd7 11. Bg2 e6 12. O-O Be7 13. e4 $14
dxe4 {Huebner} 14. Nxe4 Nxe4 15. Qxe4 Rc8 16. a4 O-O $10 {Ivanchuk,V-Bareev,E/
Munich/1994/ ;CBM 42}) (7... Nbd7 8. h3 (8. Ng3 {Huebner} e5 9. h3 exd4 (9...
Be6 10. dxe5 Nxe5 11. f4 Bd6 12. c5 (12. fxe5 Bxe5 $44 {Bareev, Inf. 61/375.})
12... Bc7 13. Nge2 $16) 10. hxg4 dxc3 11. g5 Ng4 12. g6 Qf6 13. Rxh7 Rxh7 14.
gxh7 g6 $13 {P.Nikolic-Short, London PCA 1994, EXP 42}) 8... Bh5 9. Nf4 Bg6 10.
Nxg6 hxg6 11. Bb2 (11. Be2 e6 12. O-O Bd6 {>= 12...Le7} 13. e4 b4 14. exd5 exd5
15. Na4 {Bareev-Sirov, Pardubice 1994, Inf. 61/375, CBM 42.} O-O 16. Bf3 $14 {
Bareev,E-Shirov,A/Pardubice/1994/}) 11... e6 12. Bd3 Be7 13. Ne2 Qa5+ 14. Bc3
Bb4 15. O-O $14 {Nikolic,P-Short,N/Moscow olm/1994/}) 8. Ng3 Nh5 $5 {Dies ist
zu gekünstelt und löst das Problem der schlechten Stellung des Läufers auf g4
nicht. Schwarz sollte mit 8...Lh5 einfach den Abtausch dieser Figur gestatten.}
9. Bd3 Bd6 10. a4 bxc4 {Schwarz steht schon gefährdet und sollte die Stellung
geschlossen halten.} (10... b4 11. Nce2 $14 (11. Na2 a5 12. cxd5 cxd5 13. Bb5+
Ke7 {ist auch noch nicht tödlich für Schwarz.}) 11... Bxe2 {Huebner} 12. Nxe2
Nf6 {Weiß steht besser, aber die schwarze Stellung hat wieder Stabilität.}) 11.
bxc4 Nd7 12. Ba3 $1 Bxa3 13. Rxa3 Qh4 $5 {Dies kostet noch mehr Zeit, aber die
Stellung des Schwarzen ist wohl schon hoffnungslos.} 14. O-O Nxg3 15. hxg3 Qd8
16. Rb1 Nf6 $2 (16... Bh5 $142 $14) 17. c5 $1 O-O 18. Rb6 $16 Qc8 19. a5 Nd7
20. Na4 $1 Qc7 $6 (20... f5 21. Rbb3 $1 Qc7 22. Nb6 Ra7 23. Nxd7 Qxd7 24. Rb6
$16) 21. Bxh7+ Kh8 22. Bd3 e5 $6 (22... Nxb6 23. cxb6 $16) 23. Qc3 $1 Nxb6 24.
cxb6 $18 exd4 $6 (24... Qe7 25. Nc5 (25. dxe5) 25... exd4 26. exd4 Bc8 27. Ra2
{/\ Re2+-}) 25. Qxd4 Qc8 26. Nc5 (26. Nc5 Rb8 27. b7 $18) 1-0

[Event "Mondariz zt 1.1"]
[Site "Mondariz"]
[Date "2000.09.12"]
[Round "9"]
[White "Arlandi, Ennio"]
[Black "Hodgson, Julian M"]
[Result "1-0"]
[WhiteElo "2437"]
[BlackElo "2640"]
[Annotator "Hecht,H"]
[PlyCount "87"]
[EventDate "2000.09.03"]
[EventType "swiss"]
[EventRounds "11"]
[EventCountry "ESP"]
[SourceTitle "CBM 079"]
[Source "ChessBase"]
[SourceDate "2000.11.21"]
[SourceVersion "1"]
[SourceVersionDate "2000.11.21"]
[SourceQuality "1"]

1. d4 d5 2. c4 c6 3. e3 Nf6 4. Nc3 a6 5. Qc2 b5 6. b3 g6 7. Bd3 Bg7 8. Nf3 O-O
9. O-O Nbd7 10. Bb2 Bb7 11. Rad1 Rb8 12. c5 Qc7 13. b4 a5 14. a3 Ra8 15. h3 Nh5
16. Rd2 e6 17. Qb1 f5 18. Ng5 Rae8 19. f4 Ng3 20. Rfd1 Ne4 21. Ngxe4 fxe4 22.
Bf1 g5 23. g3 h5 24. Rg2 h4 25. Ne2 Kh8 26. gxh4 gxf4 27. Nxf4 Rxf4 28. exf4
Qxf4 29. Qc1 e5 30. dxe5 Qxc1 31. Rxc1 Bxe5 32. Bxb5 axb4 33. axb4 Bxb2 34.
Rxb2 cxb5 35. c6 Bxc6 36. Rxc6 {[#] Aktive weiße Türme} Ne5 37. Ra6 Nf3+ 38.
Kf1 Rc8 39. Rba2 Rc4 40. Kf2 d4 41. Re6 d3 42. Ra7 Rc8 43. Rxe4 Rd8 44. Ree7 (
44. Ree7 d2 45. Rh7+ Kg8 46. Rag7+ Kf8 47. Rd7 d1=Q 48. Rh8#) 1-0

[Event "RUS-ch 54th"]
[Site "Elista"]
[Date "2001.05.07"]
[Round "7"]
[White "Potapov, Alexander"]
[Black "Frolov, Denis"]
[Result "1-0"]
[WhiteElo "2490"]
[BlackElo "2442"]
[Annotator "Hecht,H"]
[PlyCount "95"]
[EventDate "2001.04.29"]
[EventType "swiss"]
[EventRounds "9"]
[EventCountry "RUS"]
[SourceTitle "CBM 083"]
[Source "ChessBase"]
[SourceDate "2001.07.05"]
[SourceVersion "1"]
[SourceVersionDate "2001.07.05"]
[SourceQuality "1"]

1. d4 d5 2. c4 c6 3. Nc3 Nf6 4. e3 a6 5. Qc2 Bg4 6. h3 Bh5 7. Nge2 e6 8. Nf4
Bg6 9. Nxg6 hxg6 10. Be2 b5 11. b3 Bd6 12. Bf3 g5 13. g4 Nbd7 14. e4 dxe4 15.
Nxe4 Nxe4 16. Qxe4 Rc8 17. Kf1 bxc4 18. bxc4 c5 19. d5 Qf6 20. Rb1 Ne5 21. Be2
Ng6 22. dxe6 O-O 23. exf7+ Rxf7 24. Qf5 Rcf8 25. Qxf6 Rxf6 26. f3 Bf4 27. Kf2
Bxc1 28. Rhxc1 Nf4 29. Bf1 Rd6 30. Rd1 Rfd8 31. Rxd6 Rxd6 {[#] Der schlechte
weiße Läufer wird durch die schlechte schwarze Bauernstruktur am Königsflügel,
die den Hebel h4 erlaubt, mehr als kompensiert.} 32. Kg3 Rd2 (32... Kf7 33. h4
Kf6 34. a4 Z0 35. a5 {[%csl Ra6][%cal Gb1b6]}) 33. h4 Rxa2 34. hxg5 Ne6 35. g6
{Der Sargnagel. Zudem kommt der Läufer mit Wucht ins Spiel.} Kf8 36. Bd3 (36.
Rb7 $5 Ra3) 36... a5 37. Bf5 Nd4 38. Rb8+ Ke7 39. Rb7+ Kf6 40. Rb6+ Ke7 41.
Rb7+ Kf6 42. Rf7+ Kg5 (42... Ke5 43. f4+ Kd6 44. Rd7+ Kc6 45. Rxg7 Ra3+ 46. Kh4
Nf3+ 47. Kh5 Ra2 48. Be4+ $18) 43. f4+ Kh6 44. Rf8 Ra3+ 45. Kg2 Ra2+ 46. Kf1
Nxf5 47. gxf5 Kh5 48. Rh8+ 1-0

[Event "Redbus KO"]
[Site "Southend"]
[Date "2002.03.30"]
[Round "2.2"]
[White "Lalic, Bogdan"]
[Black "Turner, Matthew"]
[Result "1-0"]
[WhiteElo "2523"]
[BlackElo "2502"]
[Annotator "Hecht,H"]
[PlyCount "167"]
[EventDate "2002.03.29"]
[EventType "k.o."]
[EventRounds "4"]
[EventCountry "ENG"]
[SourceTitle "CBM 089"]
[Source "ChessBase"]
[SourceDate "2002.08.12"]
[SourceVersion "1"]
[SourceVersionDate "2002.08.12"]
[SourceQuality "1"]

1. d4 d5 2. c4 c6 3. Nc3 Nf6 4. e3 a6 5. Qc2 g6 6. Bd3 Bg7 7. Nf3 O-O 8. O-O b5
9. b3 Be6 10. c5 Qc7 11. h3 Bc8 12. Ne5 Nfd7 13. f4 Nxe5 14. fxe5 f6 15. e4
fxe5 16. Rxf8+ Bxf8 17. exd5 exd4 18. d6 exd6 19. cxd6 Bxd6 20. Ne4 Be5 21. Ba3
Bf5 22. Rf1 Nd7 23. g4 Bxe4 24. Bxe4 Nf6 25. Qxc6 Qxc6 26. Bxc6 Rc8 27. Rc1 Rc7
28. Bf3 Rc3 29. Rxc3 dxc3 30. Bc1 b4 31. Kf2 Kf7 32. Ke2 Ke6 33. Kd3 a5 34. Bg5
Nd7 35. Be3 Bd6 36. Bd1 Kd5 37. Bf3+ Ke6 38. Bd1 Bc5 39. Bf4 Kf6 40. Ke4 g5 41.
Bg3 Ke6 42. Bc2 h6 43. Kf3 Bb6 44. Bf5+ Ke7 45. h4 Nf6 46. hxg5 hxg5 47. Bd3
Nd5 48. Ke4 Ke6 49. Be1 Nf4 50. Bb1 Bg1 51. Bg3 Nd5 52. Be5 Bf2 53. Bb8 Bc5 54.
Bg3 Nf6+ 55. Kf3 Kd7 56. Bf5+ Ke7 57. Bc2 Bb6 58. Bf5 Nd5 59. Be4 Bg1 60. Bb8
Ke6 61. Bf5+ Ke7 62. Be4 Bd4 63. Ke2 Ne3 64. Bc7 Nxg4 65. Bxa5 Bc5 66. a3 Nf6
67. Bb1 Nd5 68. Be4 bxa3 69. Bxd5 {[#] Mattidde gegen schwarze Freibauern} c2
70. Kd2 Kd6 71. Bg2 a2 72. Bc3 Ba3 {Die Fesselungsidee Lb4 scheitert am Nehmen
des Läufer mit "Schach"!} 73. Kxc2 Kc5 74. Bf3 Kb5 75. Bb2 Kb4 76. Bd4 Kb5 77.
Bf6 Kb4 78. Ba1 $1 Kb5 79. Kc3 {Die richtige Idee.} Ka5 (79... Kc5 80. Be2 {
kostet Material; z.B.} Bb4+ 81. Kb2 Kd4 82. Kxa2+ Ke3 83. Bg4 Kf4 84. Bd7 g4
85. Bc6 $18 {[%cal Ga2b1,Gb1c2,Ga1c3,Gc2d3]}) 80. Kc4 Bb4 81. Bg4 Be1 (81...
Be1 82. Bc3+ $141) 82. Bc8 $1 Bb4 {Läuft ins Matt} ({Technisch nicht ganz
einfach war} 82... Kb6 83. b4 Bd2 84. Bg4 Be1 85. Be2 Bd2 86. Bd4+ Kc6 87. b5+
Kd6 88. Kb3 Kd5 89. Bb2 Kc5 90. Kxa2 g4 91. Ba3+ Kb6 92. Bd6 Be1 93. Kb3 g3 94.
Kc4 Bf2 95. Bf3 $18) 83. Bf6 a1=N 84. Bd8# 1-0

[Event "Olympiad-33"]
[Site "Elista"]
[Date "1998.10.10"]
[Round "11.1"]
[White "Lputian, Smbat G"]
[Black "Bareev, Evgeny"]
[Result "1/2-1/2"]
[WhiteElo "2615"]
[BlackElo "2690"]
[Annotator "Hecht,H"]
[PlyCount "104"]
[EventDate "1998.09.29"]
[EventType "team-swiss"]
[EventRounds "13"]
[EventCountry "RUS"]
[SourceTitle "CBM 068"]
[Source "ChessBase"]
[SourceDate "1999.02.01"]
[SourceVersion "1"]
[SourceVersionDate "1999.02.01"]
[SourceQuality "1"]
[WhiteTeam "Armenia"]
[BlackTeam "Russia"]
[WhiteTeamCountry "ARM"]
[BlackTeamCountry "RUS"]

1. d4 d5 2. c4 c6 3. Nc3 Nf6 4. e3 a6 5. Qc2 b5 6. b3 Bg4 7. Nge2 Bh5 8. Nf4
Bg6 9. Nxg6 hxg6 10. g3 e6 11. Bg2 Be7 12. O-O O-O 13. Rd1 Nbd7 14. e4 dxe4 15.
Nxe4 Nxe4 16. Bxe4 Rc8 17. a4 bxc4 18. bxc4 a5 19. Rb1 Bb4 20. Bd2 Bxd2 21.
Rxd2 Qc7 22. Qc3 Rb8 23. Rdb2 Rxb2 24. Rxb2 Rb8 25. c5 Rxb2 26. Qxb2 {[#]
Raumvorteil für Weiß; schwarze Bauernschwächen.} Kf8 27. h4 Ke7 28. Qd2 Nf6 29.
Bf3 Kd7 30. Kg2 Ke7 31. Qe2 Nd7 32. Qe4 e5 33. Qe2 Kf8 34. Qb2 Ke7 35. dxe5
Nxe5 36. Be4 f6 37. f4 Nd7 38. Bxg6 Nxc5 39. Qe2+ Kd7 40. Bf5+ Kd8 41. Qd2+ Ke8
42. Kh3 Kf8 43. Qd4 Nb7 44. h5 Qf7 45. Kg4 Qd5 46. Qb2 Nd8 47. h6 Qd1+ 48. Kh4
g5+ 49. fxg5 fxg5+ 50. Kh3 (50. Kxg5 Nf7+ 51. Kg6 Qd6+ 52. Qf6 Qxg3+ 53. Kh5
Qh2+ 54. Kg4 Qxh6 $17) 50... Qf1+ 51. Kg4 Qd1+ 52. Kh3 Qf1+ 1/2-1/2

[Event "EU-ch 2nd"]
[Site "Ohrid"]
[Date "2001.06.03"]
[Round "3"]
[White "Volkov, Sergey"]
[Black "Hillarp Persson, Tiger"]
[Result "1/2-1/2"]
[WhiteElo "2558"]
[BlackElo "2443"]
[Annotator "Hecht,H"]
[PlyCount "113"]
[EventDate "2001.06.01"]
[EventType "swiss"]
[EventRounds "13"]
[EventCountry "YUG"]
[SourceTitle "CBM 084"]
[Source "ChessBase"]
[SourceDate "2001.09.13"]
[SourceVersion "1"]
[SourceVersionDate "2001.09.13"]
[SourceQuality "1"]

1. d4 d5 2. c4 c6 3. Nc3 Nf6 4. e3 a6 5. Qc2 g6 6. a4 Bg7 7. Nf3 O-O 8. Bd2 Bg4
9. Ne5 Be6 10. Qb3 Nbd7 11. Qxb7 Nxe5 12. dxe5 Nd7 13. cxd5 cxd5 14. f4 Rb8 15.
Qxa6 Nc5 16. Qa7 Qc8 17. Nxd5 Bxd5 18. Rc1 Qg4 19. Qxc5 Rfd8 20. Qxe7 Bf8 21.
Qg5 Qxg5 22. fxg5 Rxb2 23. Bc3 Ra2 24. Be2 Rc8 25. Kf2 Ba3 26. Bb2 Rxc1 27.
Bxc1 Bb4 28. Rd1 Bc4 29. Bd2 Bxe2 30. Kxe2 Kf8 31. Kd3 Bxd2 32. Rxd2 Rxa4 33.
e4 Ke7 34. Ke3 Ra1 35. g3 Re1+ 36. Re2 Rxe2+ 37. Kxe2 {[#] Bauern auf einem
Flügel - schlechte weiße Bauernstruktur (Doppelbauer)} Ke6 38. Ke3 Kxe5 39. Kd3
Ke6 40. Kd4 Kd6 41. e5+ Ke6 42. Ke4 Ke7 43. Kd5 Kd7 44. g4 Ke7 45. h3 (45. e6
fxe6+ 46. Ke5 Kd7 47. h3 (47. Kf6 $2 Kd6 48. Kg7 e5 49. Kxh7 e4 50. h4 e3 51.
h5 e2 52. hxg6 e1=Q 53. g7 {ist höchstens ein Verlustversuch}) 47... Ke7 48. h4
Kd7 49. Kf6 e5 50. Kxe5 Ke7 $11 {siehe auch Partie}) 45... Kd7 46. h4 Ke7 47.
e6 fxe6+ 48. Ke5 Kf7 49. Kd6 e5 50. Kxe5 Ke7 51. Kd5 Kd7 52. h5 gxh5 53. gxh5
Ke7 54. Ke5 Kf7 55. Kd6 h6 56. g6+ Kg7 57. Ke7 1/2-1/2

[Event "EU-ch 2nd"]
[Site "Ohrid"]
[Date "2001.06.10"]
[Round "9"]
[White "Czebe, Attila"]
[Black "Miles, Anthony John"]
[Result "1/2-1/2"]
[WhiteElo "2502"]
[BlackElo "2562"]
[Annotator "Hecht,H"]
[PlyCount "133"]
[EventDate "2001.06.01"]
[EventType "swiss"]
[EventRounds "13"]
[EventCountry "YUG"]
[SourceTitle "CBM 084"]
[Source "ChessBase"]
[SourceDate "2001.09.13"]
[SourceVersion "1"]
[SourceVersionDate "2001.09.13"]
[SourceQuality "1"]

1. c4 Nf6 2. d4 c6 3. Nc3 d5 4. e3 a6 5. Bd3 dxc4 6. Bxc4 b5 7. Be2 e6 8. e4
Bb7 9. e5 Nfd7 10. Nf3 c5 11. Bg5 Be7 12. Bxe7 Qxe7 13. d5 O-O 14. O-O b4 15.
d6 Qd8 16. Na4 Nc6 17. Rc1 Ncxe5 18. Nxe5 Nxe5 19. f4 Nd7 20. Bf3 Bxf3 21. Rxf3
Rc8 22. b3 Rc6 23. Rd3 Qf6 24. Qd2 g6 25. Qe3 Rfc8 26. Qe4 c4 27. bxc4 Nc5 28.
Nxc5 Rxc5 29. Rd4 Rd8 30. Rcd1 Rd7 31. Qa8+ Kg7 32. Qxa6 e5 33. fxe5 Rxe5 34.
Qb6 Rde7 35. Rf4 Qxf4 36. dxe7 Rxe7 37. Qxb4 Qe3+ 38. Kh1 h5 39. h3 Kh7 40. Qd2
Qa7 41. Qc2 Qc5 42. a4 Re3 43. Rf1 Re7 44. Qc3 Kg8 45. Qd3 Qe5 46. Qd5 Qe2 47.
Rb1 Re5 48. Qd4 Kh7 49. Qb2 Qe4 50. Rf1 Re7 51. Qc3 Qe2 52. Rc1 Rd7 53. Re1 Qf2
54. Rc1 Qe2 55. c5 Rd1+ 56. Rxd1 Qxd1+ 57. Kh2 Qxa4 {[#] Die Verwandlung des
Freibauern stösst auf technische Schwierigkeiten wegen  a) der Nähe des
schwarzen Königs; b) wegen der Unmöglichkeit den Bauern nach  c7 zu bringen
bei gleichzeitiger Position der Dame auf d6 Verteidigungsressourcen: Fesselung,
Abdrängen der weißen Dame von der Diagonalen b8-h2, Dauerschach.} 58. c6 (58.
Qf6 Qa7 59. Qd6 Qa3 $1 60. Qc7 Kg7 61. c6 h4 62. Qf4 Qc5 63. c7 f6 $11 {
[%cal Rg6g5]}) 58... Qf4+ 59. Kg1 Qc7 60. Qc5 Kg7 61. Qc4 Kf6 62. Kf2 Ke7 63.
Qc5+ Qd6 64. Qa7+ Ke6 65. Qa2+ Ke7 66. Qa7+ Ke6 67. Qa6 1/2-1/2

[Event "RUS-Cup03 Geller Memorial"]
[Site "Moscow"]
[Date "1999.02.08"]
[Round "7"]
[White "Kalugin, Sergei G"]
[Black "Sretenskij, Nikolai V"]
[Result "1-0"]
[WhiteElo "2355"]
[BlackElo "2435"]
[Annotator "Hecht,H"]
[PlyCount "129"]
[EventDate "1999.02.10"]
[EventType "swiss"]
[EventRounds "9"]
[EventCountry "RUS"]
[SourceTitle "CBM 070"]
[Source "ChessBase"]
[SourceDate "1999.06.08"]
[SourceVersion "1"]
[SourceVersionDate "1999.06.08"]
[SourceQuality "1"]

1. d4 d5 2. c4 c6 3. Nc3 Nf6 4. e3 Bg4 5. f3 Bh5 6. cxd5 cxd5 7. Qb3 Qd7 8. g4
Bg6 9. g5 Nh5 10. Qxd5 Nc6 11. Qxd7+ Kxd7 12. Bd2 h6 13. gxh6 Rxh6 14. Kf2 e6
15. e4 Rh8 16. Be3 Bd6 17. e5 Bc7 18. f4 Nb4 19. Rd1 Bb6 20. Nf3 Rac8 21. Bb5+
Kc7 22. a3 Nc2 23. Na4 Be4 24. Rhg1 Bxf3 25. Kxf3 Nxe3 26. Kxe3 g6 27. Rc1+ Kb8
28. Rxc8+ Rxc8 29. Nxb6 axb6 30. Bd3 Ng7 31. h4 Rh8 32. Rh1 Rh5 33. Be4 Nf5+
34. Bxf5 Rxf5 {[#] 1 weißer Mehrbauer} 35. Ke4 Kc7 36. Rh3 Kc6 37. Rd3 Rh5 38.
d5+ exd5+ 39. Rxd5 f5+ (39... Rxh4 40. Rd6+ Kc5 41. Rf6 $18 {[%csl Rf7]}) 40.
Kd4 Rxh4 41. Rd6+ Kc7 42. Rxg6 Rxf4+ 43. Kd5 Rf1 44. Rg7+ Kc8 45. e6 Rd1+ (
45... f4 46. Rg8+ Kc7 47. e7 Rd1+ 48. Ke6 Re1+ 49. Kf7 f3 50. e8=Q Rxe8 51.
Kxe8 f2 52. Rf8 $18) 46. Ke5 f4 47. Kxf4 (47. Rg8+ Kc7 48. e7 Re1+ 49. Kf6 f3
50. Rg1 (50. e8=Q Rxe8 51. Rxe8 f2 $19) 50... f2 51. Rf1 Rxf1 52. e8=Q Re1 53.
Qf7+ Kb8 $17) 47... Re1 48. Kf5 Re2 49. b4 Re3 50. a4 Re1 51. Kf6 Re2 52. Ke7
Re4 53. Kd6 Rd4+ 54. Ke5 Rd1 55. Rg4 Rh1 56. Kf6 Kc7 57. Rc4+ Kd6 58. Rd4+ Kc7
59. e7 Rf1+ 60. Kg7 Rg1+ 61. Kf8 Rf1+ 62. Ke8 Re1 (62... Rf2 63. Rc4+ Kb8 64.
Kd7 Rd2+ 65. Ke6 Re2+ 66. Kf6 Re1 67. a5 bxa5 68. bxa5 Ka7 69. Rc5 {[%cal
Rc5e5] Brückenbau}) 63. Rd2 (63. Rf4 Kd6 64. Rf6+ Kc7 65. Kf8 Kd7 66. Rf7 $18 {
[%cal Re7e8]}) 63... Re3 64. Rf2 Rh3 65. Kf8 1-0

[Event "Las Palmas"]
[Site "Las Palmas"]
[Date "1993.??.??"]
[Round "1"]
[White "Azmaiparashvili, Zurab"]
[Black "Morovic Fernandez, Ivan"]
[Result "1/2-1/2"]
[WhiteElo "2655"]
[BlackElo "2570"]
[Annotator "Hertneck,G"]
[PlyCount "34"]
[EventDate "1993.06.??"]
[EventType "tourn"]
[EventRounds "9"]
[EventCountry "ESP"]
[EventCategory "16"]
[SourceTitle "CBM 036"]
[Source "ChessBase"]
[SourceDate "1993.10.01"]
[SourceVersion "1"]
[SourceVersionDate "1993.10.01"]
[SourceQuality "1"]

1. d4 d5 2. c4 c6 3. Nc3 Nf6 4. cxd5 cxd5 5. Bf4 Nc6 6. e3 a6 7. Be2 $5 Bf5 (
7... Ne4 $5 8. Nxe4 dxe4 9. f3 e5 $1 10. dxe5 Qa5+ 11. Kf2 Be6 12. Qc2 Rd8 13.
Qxe4 Rd2 $44 {Azmaiparashvili,Z-Anand,V/Las Palmas/1993}) 8. g4 Bg6 9. Qb3 e6
$8 10. Qxb7 Na5 11. Qc7 Qxc7 12. Bxc7 Bb4 $44 13. f3 $146 (13. a3 $2 Nb3 $1 14.
Rd1 Bxc3+ 15. bxc3 Bc2 $15) (13. Nf3 Nc4 14. Bxc4 dxc4 15. Nd2 Bd3 16. g5 Bxc3
17. bxc3 Nd5 18. Bg3 Nxc3 {1/4/Azmaiparashvili,Z-Akopian,V/Wijk op/1993}) 13...
Nc4 14. Bxc4 dxc4 15. Nge2 Nd5 16. Bf4 Bd3 17. O-O-O $6 (17. Kf2 Bxc3 18. Nxc3
(18. bxc3 Bxe2 19. Kxe2 Nxc3+ 20. Kd2 Nd5 21. Rab1 $13) 18... Nxf4 19. exf4 Rb8
20. Nd1 Ke7 $44) 17... Nxc3 (17... Nxc3 18. Nxc3 Bxc3 19. bxc3 Be2 $15) 1/2-1/2